Managing health and safety in construction (Record no. 115369)
[ view plain ]
| 000 -LEADER | |
|---|---|
| fixed length control field | 02134cad a22003135a 4500 |
| 001 - CONTROL NUMBER | |
| control field | L158543 |
| 008 - FIXED-LENGTH DATA ELEMENTS--GENERAL INFORMATION | |
| fixed length control field | 011219s2015 xxk f 000 0 eng d |
| 020 ## - INTERNATIONAL STANDARD BOOK NUMBER | |
| International Standard Book Number | 9780717666263 |
| 035 ## - SYSTEM CONTROL NUMBER | |
| System control number | (Sirsi) u158543 |
| 041 0# - LANGUAGE CODE | |
| Language code of text/sound track or separate title | eng |
| 050 04 - LIBRARY OF CONGRESS CALL NUMBER | |
| Classification number | 690.22 $2 18 |
| 110 1# - MAIN ENTRY--CORPORATE NAME | |
| Corporate name or jurisdiction name as entry element | Great Britain |
| Subordinate unit | Health and Safety Executive |
| 240 ## - UNIFORM TITLE | |
| Uniform title | CDM 2015 |
| 245 00 - TITLE STATEMENT | |
| Title | Managing health and safety in construction |
| Remainder of title | Construction (Design and Management) Regulations 2015 |
| -- | guidance on regulations |
| Medium | [electronic resource] |
| 260 ## - PUBLICATION, DISTRIBUTION, ETC. | |
| Name of publisher, distributor, etc. | HSE Books |
| Date of publication, distribution, etc. | 2015 |
| 300 ## - PHYSICAL DESCRIPTION | |
| Extent | 90p. |
| 350 ## - PRICE (NR) (BK AM CF MU VM SE) [OBSOLETE] | |
| Price | 15 |
| 490 #0 - SERIES STATEMENT | |
| Series statement | HSE Health and Safety Guidance |
| Volume/sequential designation | L153 |
| 505 2# - FORMATTED CONTENTS NOTE | |
| Formatted contents note | Introduction -- Commencement -- Client duties -- Health and safety duties and roles -- General requirements for all construction sites -- General -- Appendix one: the general principles of prevention -- Appendix two: pre-construction information -- Appendix three: the construction phase plan -- Appendix four: the health and safety file -- Appendix five: how different types of information relate to and influence each other in a construction project involving more than one contractor: A summary -- Appendix six: working for a domestic client -- References and further reading -- Glossary of acronyms and terms -- Further information. |
| 520 ## - SUMMARY, ETC. | |
| Summary, etc. | Provides guidance on the legal requirements for CDM 2015 and is available to help anyone with duties under the Regulations. It describes the law that applies to the whole construction process on all construction projects, from concept to completion; and what each dutyholder must or should do to comply with the law to ensure projects are carried out in a way that secures health and safety. It came into force on 6 April 2015, replacing CDM 2007. |
| 520 ## - SUMMARY, ETC. | |
| Summary, etc. | Supersedes 2007 edition (ISBN 9780717662234). |
| 590 ## - LOCAL NOTE (RLIN) | |
| Local note | KA |
| 650 24 - SUBJECT ADDED ENTRY--TOPICAL TERM | |
| Topical term or geographic name entry element | CONSTRUCTION (DESIGN AND MANAGEMENT) REGULATIONS 2015 |
| 650 24 - SUBJECT ADDED ENTRY--TOPICAL TERM | |
| Topical term or geographic name entry element | CDM 2015 |
| 651 #4 - SUBJECT ADDED ENTRY--GEOGRAPHIC NAME | |
| Geographic name | Great Britain |
| Chronological subdivision | 1707- |
| 690 ## - LOCAL SUBJECT ADDED ENTRY--TOPICAL TERM (OCLC, RLIN) | |
| Topical term or geographic name as entry element | Design and specification |
| 856 41 - ELECTRONIC LOCATION AND ACCESS | |
| Uniform Resource Identifier | <a href="https://www.hse.gov.uk/pubns/priced/l153.pdf">https://www.hse.gov.uk/pubns/priced/l153.pdf</a> |
| Public note | View the code of practice free of charge (PDF file) at www.hse.gov.uk |
| 942 ## - ADDED ENTRY ELEMENTS (KOHA) | |
| Suppress in OPAC | 0 |
| Withdrawn status | Lost status | Source of classification or shelving scheme | Damaged status | Not for loan | Home library | Current library | Shelving location | Date acquired | Total Checkouts | Full call number | Barcode | Date last seen | Copy number | Price effective from | Koha item type |
|---|---|---|---|---|---|---|---|---|---|---|---|---|---|---|---|
| Dewey Decimal Classification | Virtual | Virtual | Online | 16/04/2015 | ONLINE PUBLICATION | 158543-2001 | 06/08/2019 | 1 | 06/08/2019 | Book |